[Event "Linares 15th"]
[Site "Linares"]
[Date "1998.02.22"]
[Round "1"]
[White "Kramnik, Vladimir"]
[Black "Ivanchuk, Vassily"]
[Result "1/2-1/2"]
[WhiteElo "2790"]
[BlackElo "2740"]
[Annotator "Donev,I"]
[PlyCount "116"]
[EventDate "1998.02.22"]
[EventType "tourn"]
[EventRounds "12"]
[EventCountry "ESP"]
[EventCategory "21"]
[SourceTitle "CBM 064"]
[Source "ChessBase"]
[SourceDate "1998.06.02"]
[SourceVersion "1"]
[SourceVersionDate "1998.06.02"]
[SourceQuality "1"]

1. Nf3 {Kostakiev,D Anand} Nc6 {Der ukrainische Großmeister ist in der
Erröffnung immer für eine Überraschung gut. Die ganze Variante ist eine
Spezialität eines anderen, russischen Großmeisters, Alexandar Morozewitsch.
Nach dieser hochwertigen Partie wird die Variante bestimmt größere Popularität
erreichen.} 2. d4 d5 3. Bf4 Bg4 4. e3 (4. Nbd2 {Kostakiev,D Hort,V-Dueckstein,
A/CSSR 1968/Inf 05/1-0}) 4... e6 5. c4 Bb4+ $1 {Schwarz entwickelt seine
Figuren mit Tempo. Diese Fortsetzung ist seit 69 Jahren bekannt und wird nun
zum ersten Mal auf solch hoher Ebene von zwei Super-Großmeistern gespielt.} 6.
Nc3 Nf6 (6... Nge7 7. Rc1 (7. c5 {Kostakiev,D 1/2-1/2 Mirnic,M-Bukal,V/Open,
Zagreb CRO 1998 (34)}) (7. h3 Bh5 8. Rc1 (8. a3 {1/2-1/2 Rausch,S-Daus,P/
Dresden op 1996/EXP 53 (23)}) 8... O-O 9. a3 (9. Bd3 {0-1 Berebora,F-Chetverik,
M/Budapest Spring op 1996/EXP 52 (40)}) 9... Bxc3+ {Akesson,R-Morozevich,A/
London Lloyds 1994/EXP 43/0-1 (51)}) 7... O-O 8. h3 (8. Bd3 Ng6 9. h3 Bh5 $5
10. Bh2 Nh4 11. g4 Nxf3+ 12. Qxf3 Bg6 13. Bxg6 hxg6 14. cxd5 $1 exd5 15. Kf1
$14 {0-1 van Wely,L-Morozevich,A/Tilburg 1993/Inf 59/[Morozevich,A]}) 8... Bxf3
9. Qxf3 Ng6 10. cxd5 exd5 11. Bd3 Nxf4 12. Qxf4 Ne7 13. O-O c6 14. Qh4 f5 15.
Ne2 Qe8 16. Qg3 Ng6 17. Kh1 Qe7 18. Nf4 Nh4 19. Ne6 Bd6 20. Qg5 Qxe6 21. Qxh4
Rf6 22. Qh5 Raf8 23. Rfe1 Rh6 24. Qg5 Qf7 25. f4 Be7 {0-1 Menchik,V-Colle,E/
Karlsbad 1929/HCL 03}) 7. Rc1 (7. Qb3 {Kostakiev,D 0-1 Schmidt,R-Baumhus,R/2.
BL-W 1988/Inf 87 (14)}) (7. h3 {Kostakiev,D} Bh5 8. Rc1 {1/2-1/2 Treppner
Gerd-Thiel Thomas/Bundesliga (2nd) West 1997 (10)}) (7. Be2 {Kostakiev,D
Marschner,J-Alscher,H/BL2-N 8081 1981/BIG 80/1-0 (44)}) 7... O-O {Die
Eröffnungsphase ist vorbei. Die weiße Bauernstruktur ist leicht besser - wegen
der Versperrung des Pc7 durch den Nc6. Andererseits hat der Nachziehende
leichten Entwicklungsvorsprung. Man kann sagen, daß die Stellung im
dynamischen Gleichgewicht ist.} (7... Ne4 {Kostakiev,D 1-0 Duer,W-Brandner,S/
OST-BL 1989/Inf 89 (11)}) (7... dxc4 {Kostakiev,D} 8. Bxc4 Nd5 9. Bg3 {Cebalo,
M-Kovacevic,B/Open, Bled SLO 1998/1/2-1/2 (42)}) 8. h3 (8. a3 Bxc3+ 9. Rxc3
dxc4 (9... Qe7 10. Bg5 Rad8 11. h3 Bh5 12. Be2 dxc4 13. Qa4 {1/2-1/2 Gawehns,
K-Baumhus,R/BL2-W 1995/BL2}) 10. Bxc4 Nd5 11. Bxd5 exd5 12. h3 Bh5 13. O-O Rc8
14. g4 Bg6 15. Qa4 a6 16. Rfc1 h5 17. Qd1 hxg4 18. hxg4 Re8 19. b4 Re7 20. Bg3
Nb8 21. a4 f6 22. Nh4 Bh7 23. Nf5 Bxf5 24. gxf5 Nc6 25. Rxc6 bxc6 26. Rxc6 Qd7
27. Qc2 Re4 28. Kg2 Kh7 29. a5 Ree8 30. Bf4 Qe7 31. Bd6 Qd7 32. Bg3 Qe7 33.
Rxa6 Qxb4 34. Qc5 {Cebalo,M-Kutuzovic,B/CRO-Cup 1996/1-0 (56)}) (8. a3 $5 {
Kostakiev,D 1/2-1/2 Gawehns,K-Baumhus,R/BL2-W 1995/BL2 (12)}) (8. Be2 $5 {
Kostakiev,D} dxc4 9. Bxc4 Nd5 $11) 8... Bxf3 9. Qxf3 {[#]} Qe7 $1 {Das beste
Feld für die schwarze Dame. Von e7 bereitet sie e6-e5 vor und schielt
gleichzeitig zum abgeschwächten weißen Damenflügel hinüber.} (9... Bxc3+ $142 {
Kostakiev,D} 10. Rxc3 Ne4 11. Rc1 e5 12. dxe5 Qe7 $132 {[2NN=2BB]} 13. a3 (13.
Be2 $4 Qb4+ $19) 13... Nxe5 14. Bxe5 Qxe5 15. Rc2 d4 $1 $132) 10. Bg5 (10. Bd3
e5 $1 11. dxe5 Nxe5 12. Bxe5 Qxe5 $11) 10... Bxc3+ (10... Rfd8 {Kostakiev,D}
11. cxd5 $16) 11. Rxc3 (11. bxc3 $2 Qa3 12. Rc2 Ne4 $1 $17) 11... Qb4 {Die
Partie ist gerade einmal elf Züge alt, und schon haben wir eine
spannungsreiche Stellung vor uns.} 12. Bxf6 Qxb2 13. Rb3 ({Anand: Wandering
over the board I thought of a move that totally facinated me.} 13. Qg3 $5 {
A rook sacrifice of great creativity.} Qxc3+ 14. Kd1 g6 15. Qg5 {[%csl Yg7]
[%cal Yg5h6]} Qa1+ (15... Qb2 16. Bd3 Qc3 17. Ke2 dxc4 18. Be4 Qa5 19. d5 $18)
(15... Nb4 16. g4 $1 Nd3 17. Bxd3 Qxd3+ 18. Ke1 $18) 16. Ke2 Qb1 $1 17. g4 Qe4
18. Kd2 Nxd4 $1 (18... Qf3 $4 19. Be2 h6 20. Qh4 $18 (20. Bxf3 hxg5 21. h4 $18)
) 19. exd4 e5 $1 20. Qe3 Qb1 $1 $13 (20... Qxe3+ 21. fxe3 exd4 22. exd4 dxc4
23. Bxc4 $16)) 13... Qc1+ 14. Qd1 Qxd1+ 15. Kxd1 dxc4 16. Rxb7 gxf6 17. Kd2 (
17. Kc2 $142 $1 Rab8 18. Rxb8 Rxb8 19. Bxc4 Kf8 20. Kc3 Ke7 21. Rd1 $14 {
/\d4-d5}) 17... Rab8 $1 18. Rxc7 Na5 {[#]} 19. Kc2 (19. Kc3 Rb1 $44 {Und Weiß
muß sich Gedanken um die Zukunft seines Rh1 machen.} (19... a6 $140 {Kostakiev,
D} 20. Rc5 Rb5 (20... Nb7 21. Rc6 $1 $16) 21. Rxb5 axb5 22. Kb4 Nb7 23. Kxb5
$18)) 19... Rb4 (19... Rfc8 $5 {Kostakiev,D} 20. Rxa7 Nc6 21. Ra4 Nb4+ 22. Kc1
c3 23. Be2 $14) 20. Rxa7 Ra4 {[#]} 21. Rxa5 $1 {Ein korrektes Qualitätsopfer.
Sonst ist nicht zu erkennen, wie Weiß vorwärts kommen sollte.} Rxa5 22. Bxc4 {
Kostakiev: B and 1 P (and 1/2 P - for the spoiled pawn structure on f6 &f7!)
is not a sacrifice. It is simply gaining material. In favour to Black's RR are
the opened files a,b,c,d in their possessions. They have big chances to get a
draw.} h5 (22... Rc8 {Kostakiev,D} 23. Kb3 Rb8+ (23... Rxc4 24. Kxc4 Rxa2 25.
Rf1 $14) 24. Kc3 Ra7 25. Rd1 $14) 23. h4 {[/\Xh5]} (23. Rd1 {Kostakiev,D} Rc8
24. Kb3 Rb8+ (24... Rxc4 25. Kxc4 Rxa2 26. Rf1 $14) 25. Kc3 Ra3+ 26. Bb3 $14)
23... Rc8 24. Kd3 {[#]} (24. Kb3 {Kostakiev,D} Rb8+ 25. Kc3 Kf8 26. Rd1 Ra7 27.
Rd2 Rc7 28. Rc2 Ke7 29. g3) 24... Rxc4 $1 {Das Turmendspiel mit Minusbauer ist
mit einiger Vorsicht zu halten.} ({Nach} 24... Kf8 25. Rb1 (25. Rd1 {Kostakiev,
D} Ra3+ 26. Bb3 Ke7 27. d5 f5 28. Ke2 e5 29. d6+ Kd7 30. Rd5 f6 31. f4 Rca8 32.
fxe5 fxe5 33. Rxe5 R8a5 34. Re7+ Kxd6 35. Rh7 f4 36. exf4 $18) 25... Ra3+ 26.
Bb3 $14 {wäre Schwarz zur Passivität verurteilt.}) 25. Kxc4 Rxa2 {Kostakiev:
Now the two super grandmasters are giving us a serial of R/R endgame's lessons,
proving finaly that Black has his chances to save the game! Dank seines
aktiven R kann Schwarz Remis halten.} 26. Rf1 {[#]} f5 {Far not identical but
similar endgames are known by the classical games Duras-Capablanka 1913 New
York, and Capablanka-Eits. 1930/1931 Hastings. In both Capa won, but his
opponents missed their chances.} (26... Kf8 {Kostakiev,D} 27. Kb3 Re2 28. g3
Ke7 29. Kc4 Ra2) 27. d5 Kf8 {[#]} 28. dxe6 (28. g3 {Kostakiev,D} Ke7) (28. d6 {
Kostakiev,D} Ke8 29. Kd4 f6 $11) 28... fxe6 29. Kd4 Ke7 30. Ke5 Ra4 31. f3 Ra5+
(31... Rxh4 $2 32. Ra1 $18 {[%cal Ya1a7]}) 32. Kf4 Ra2 33. Rb1 (33. Kg3 {
Kostakiev,D}) (33. g3 {Kostakiev,D} Kf6 34. e4 Re2) 33... Kf6 (33... Rxg2 34.
Ke5 Re2 35. Rb7+ Kd8 (35... Kf8 36. Kf6) 36. Kxe6 Rxe3+ 37. Kxf5 Rxf3+ 38. Kg5)
34. Kg3 Re2 $1 {[%cal Ye2g2,Ye2e3] Es ist merkwürdig wie sich der Nachziehende
mit seinem Turm aktiv verteidigt. Von e2 greift er gleichzeitig die schwachen
Bauern g2 und e3 an.} 35. Rb3 e5 36. Rb6+ Kg7 37. Rb3 Kf6 38. Ra3 Kg6 39. Kh3
Kf6 40. g4 {Sonst kann Weiß seine Stellung nicht verstärken.} (40. g3 {
Kostakiev,D} Re1 41. f4 e4 $11) 40... hxg4+ 41. fxg4 fxg4+ 42. Kxg4 Kg6 43. h5+
(43. Kf3 Rh2 44. Ke4 Rxh4+ 45. Kxe5 Kf7 $11 {CD}) 43... Kh6 44. Ra6+ Kh7 45.
Ra3 (45. Kf3 Rh2 46. h6 Rh4 $11) 45... Kh6 46. Kf5 e4 47. Kxe4 Kxh5 48. Kf5
Rf2+ 49. Ke6 Re2 $1 50. Kf5 (50. Ke5 {Kostakiev,D} Kg6 51. e4 Kf7 52. Ra7+ Kg6
53. Rd7 Re1 54. Rc7 Rd1 $11) 50... Rf2+ 51. Ke5 Kg6 52. e4 Rb2 53. Ra7 Rb5+ 54.
Ke6 Rb6+ 55. Ke7 (55. Kd5 Rb5+ 56. Kc4 Rb1 $11) 55... Rb5 $1 56. Ra6+ Kg5 57.
Re6 Kf4 58. Kf6 {Jetzt hat der Nachziehende nur drei Fortsetzungen, die zum
Remis führen: 58...Rb8, 58...Rg5 und die - von allen am einfachste -
Partiefortsetzung...} Rh5 $1 {GM Ivanchuk führte in diesem Endspiel eine
mustergültige Verteidigung vor.} 1/2-1/2

[Event "Linares 15th"]
[Site "Linares"]
[Date "1998.02.23"]
[Round "2"]
[White "Topalov, Veselin"]
[Black "Kramnik, Vladimir"]
[Result "0-1"]
[WhiteElo "2740"]
[BlackElo "2790"]
[Annotator "Donev,I"]
[PlyCount "96"]
[EventDate "1998.02.22"]
[EventType "tourn"]
[EventRounds "12"]
[EventCountry "ESP"]
[EventCategory "21"]
[SourceTitle "CBM 064"]
[Source "ChessBase"]
[SourceDate "1998.06.02"]
[SourceVersion "1"]
[SourceVersionDate "1998.06.02"]
[SourceQuality "1"]

1. d4 {Hansen,Cu Ftacnik} Nf6 2. c4 e6 3. Nf3 d5 4. Nc3 Be7 5. Bg5 h6 6. Bh4
O-O 7. e3 b6 8. Be2 Bb7 9. Bxf6 Bxf6 10. cxd5 exd5 11. b4 {Weiß besitzt
minimalen Stellungsvorteil , weil der schwache Bb7 vom Pd5 eingeschränkt ist.}
c6 12. O-O a5 13. b5 {Dieser Zug gefällt mir nicht, weil er Schwarz starkes
Gegenspiel verschafft.} (13. a3 axb4 14. axb4 Rxa1 15. Qxa1 Nd7 16. Qb2 (16.
Rd1 Qc7 17. Qb1 Re8 18. b5 c5 19. Qf5 cxd4 $2 (19... Rd8 $1 20. Nxd5 Bxd5 21.
Qxd5 Ne5 $1 22. Qe4 Nxf3+ 23. Bxf3 cxd4 24. exd4 Bxd4 $1 $11) 20. Nxd5 Bxd5 21.
Qxd5 Nc5 22. Nxd4 $16 {1-0 Van der Sterren,P-Lutz,C/BL9495 1995/BL 90 (48)})
16... Qc7 17. Ra1 b5 18. e4 dxe4 19. Nxe4 Be7 20. Rc1 Qf4 21. Nc5 Nxc5 22. dxc5
Bf6 23. Qd2 Qc7 24. Rd1 Rd8 25. Qe3 Bc8 26. h3 Be6 $15 {0-1 Tsvetkov,I-Donev,I/
Sofia-ch Student 1986 (45)}) (13. bxa5 {Ftacnik} Rxa5 14. a4 c5 (14... Bc8) 15.
Qb3 Na6 16. Rfb1 Nb4 17. Na2 Nxa2 18. Rxa2 Ba6 19. Bxa6 Rxa6 20. Qb5 Qa8 21.
dxc5 bxc5 22. Qxc5 Rxa4 23. Rxa4 Qxa4 24. h3 {Lautier,J-Kramnik,V/Belgrad
Investbanka/1997/}) 13... c5 14. Re1 $146 {Üblich ist 14.Rc1 mit leichtem
weißem Vorteil.} (14. Rc1 {Ftacnik} Nd7 (14... Qd6 $2 15. dxc5 bxc5 16. Ne4 Qb6
17. Nxc5 {Ivanov,I-Horvitz,R/Midwest Masters 1985}) 15. dxc5 Nxc5 16. Nd4 Rc8 (
16... Qd6 17. Bg4 Rad8 18. Nce2 {Nikolic,P-Beliavsky,A/Groningen PCA 1993}) 17.
Bg4 Rc7 18. Na4 (18. Nce2 Be5 19. g3 g6 20. Bh3 Qd6 21. Rc2 h5 {Lutz,C-Van der
Sterren,P/Munich SKA 1994}) 18... Ne4 19. Qd3 Rc4 20. Nb2 Rc5 21. Na4 Bxd4 22.
exd4 Rc4 23. Nc3 Qc7 {Gretarsson,H-Jussupow,A/Groningen FIDE Wch/1997 (33)})
14... Re8 15. Rc1 Nd7 16. g3 (16. dxc5 {Ftacnik} Nxc5 17. Nd4 Qd6 $11) 16...
Nf8 17. Na4 $6 (17. dxc5 $142 bxc5 18. Na4 c4 19. Nd4 (19. Nc5 {Ftacnik} Qe7 (
19... Rb8 20. Nxb7 Rxb7 21. a4 Ne6 $11) 20. Nxb7 Qxb7 21. a4 Ne6 22. Bf1 Nc5
$11) 19... Ne6 $11) 17... c4 $1 {Ftacnik: Fixing the structure, so the weak
spots b6,c6 will be less accessible. The bishops will enable black to spread
his pieces in such a way, as to enable activity on the kingside.} (17... cxd4
$6 {Ftacnik} 18. Nxd4 $14) 18. Bf1 Qd6 19. Bg2 Rad8 20. h4 Ne6 21. Nc3 g6 22.
Nd2 Ba8 (22... Ng7 $2 {Ftacnik} 23. Nxc4 $1 $16) 23. h5 $6 {Hansen,Cu: A
serious positional mistake. Whites Ns are too far away from the K-side (f5) to
make any use of the weaked square the textmove creates. However on the long
term the posibility f7-f5 might be useful for black Der Anfang eines
schlechten Planes.} (23. f4 $142 $5 {/\ Nf3, Ne5.} Ng7 24. Bh3 (24. Nf3 {
Ftacnik} Nf5 $15)) (23. a4 $11 {Ftacnik}) 23... g5 24. Nf1 Be7 {Hansen,Cu: The
first part of a regrouping of the black forces that improves his position
considerably} 25. g4 $6 {Noch eine bedenkliche Entscheidung, die zur
Schwächung der Diagonale b8 - h2 führt.} (25. e4 $142 dxe4 26. d5 Bxd5 27. Nxd5
Qxd5 28. Qxd5 Rxd5 29. Rxe4 $44) (25. a4 {Ftacnik} f5 $15) 25... Qd7 26. Ng3
Ng7 27. a4 Bb4 {Ftacnik: Kramnik would gladly use weakness of b8-h2 diagonal,
but the plan needs a bit more preparation. Hansen,Cu: It becomes clear that
white will have to perform a miracle to make any of is active possibilities
e3-e4 or f2-f4 work. While it seems much more likely that an evertual f7-f5
will have a positive effect on blacks position} (27... Bd6 $6 {Ftacnik} 28.
Bxd5 Bxg3 29. Bxa8 Bxf2+ 30. Kxf2 Rxa8 31. e4 $14) 28. Bh3 (28. Qf3 {Ftacnik}
Kf8 (28... Bb7 29. e4 $5 (29. Nf5 Nxf5 30. gxf5 Qd6 $15) 29... dxe4 30. Ngxe4
Qxd4 31. Red1 (31. Nf6+ Kh8 32. Rxe8+ Nxe8 33. Qxb7 Qxf6 (33... Qf4 $2 34. Qxf7
$1) 34. Nd5 Qe6 35. Nxb6 Rd4 36. Qa8 $13) 31... Bxe4 32. Nxe4 Rxe4 33. Rxd4
Rexd4 34. Qc6 $14) 29. Rc2 $13) 28... Bb7 29. Qc2 Bd6 30. Nf5 (30. Nce2 {
Ftacnik} Rc8 $15) 30... Nxf5 31. gxf5 Bb4 {Hansen,Cu: Whites has made f7-f5
impossible. But now he can only sit and wait to see whether black can improve
his position by putting pressure on f5 or launch an attack on the K-side by
Bxc3, followed by Re4} 32. Kg2 Qd6 33. f3 (33. Bg4 {Ftacnik} Re7 $17) 33... Re7
{[%csl Re3,Rf5]} 34. Re2 Rde8 35. Rce1 Qf6 36. Bg4 (36. e4 $2 {Ftacnik} dxe4
37. fxe4 Qxd4 $19) 36... Bd6 37. Qd1 Bb4 38. Qc2 Rd8 {[%csl Gd5][%cal Yb7c8]}
39. Rd1 Bc8 {[%cal Rc8f5,Rb4c3] Ftacnik: Black has achieved maximum, now the
pawn f5 causes white lot of troubles.  Hansen,Cu: /\40..Bxc3 41.Qxc3 Bxf5
Schwarz gruppiert in Ruhe seine Figuren um, während Weiß nur abwarten kann.}
40. e4 $2 {Der letzte Zug vor der Zeitkontrolle kostet die Partie. Jetzt ist
alles vorbei.} ({Mit dem passiven:} 40. Na2 Rde8 41. Kf2 (41. e4 {Hansen,Cu}
Bxf5 $1 $19) 41... Qd6 42. Rh1 {hätte Weiß die Schotten dicht machen können.})
(40. Rde1 {Ftacnik} Bxc3 41. Qxc3 Bxf5 42. Bxf5 Qxf5 $19) 40... Bxc3 41. e5 (
41. Qxc3 dxe4 42. fxe4 (42. Rxe4 {Ftacnik} Rxe4 43. fxe4 Bb7 44. Qe3 c3 45. d5
c2 46. Rc1 Rc8 $17) 42... Bb7 43. Bf3 g4 $1 44. Bxg4 Rxe4 45. Rxe4 Bxe4+ 46.
Kf2 Bd3 $19) 41... Rxe5 $3 {Eine außerordentliche Lösung im Kramnik - Stil,
die das weiße Zentrum vernichtet. Das Läuferpaar und die starken Freibauern
entscheiden die Partie.} 42. dxe5 (42. Rxe5 Bxd4 $1 43. Re2 Bc3 $19 {/\d5-d4})
42... Bxe5 {Ftacnik: The triumph of strategical concept, despite an exchange
sacrifice black controls the whole board and pawns c4-d5 will one day start
rolling.  Hansen,Cu: Blacks two passed pawns in the centre gives him a winning
advantage} 43. Rde1 Bc7 44. Re8+ Kg7 (44... Rxe8 $2 {Ftacnik} 45. Rxe8+ Kg7 46.
Rxc8 $18) 45. Rxd8 Bxd8 46. Rd1 Bb7 47. f4 (47. Bh3 {Ftacnik} Bc7 48. Kg1 Bd6
$19) 47... d4+ 48. Bf3 (48. Kg1 {Ftacnik} c3 49. Qf2 Be7 $19) 48... d3 (48...
d3 {Ftacnik} 49. Qf2 (49. Qxc4 Qb2+ 50. Kg3 Bxf3 51. Kxf3 Qe2+ $19) 49... Qxf5
50. Rxd3 (50. Qg3 Bxf3+ 51. Qxf3 g4 52. Qe3 Qxh5 $19) 50... cxd3 51. Bxb7 gxf4
$19) 0-1

[Event "Linares 15th"]
[Site "Linares"]
[Date "1998.02.25"]
[Round "4"]
[White "Kramnik, Vladimir"]
[Black "Shirov, Alexei"]
[Result "1/2-1/2"]
[WhiteElo "2790"]
[BlackElo "2710"]
[Annotator "Huzman,A"]
[PlyCount "92"]
[EventDate "1998.02.22"]
[EventType "tourn"]
[EventRounds "12"]
[EventCountry "ESP"]
[EventCategory "21"]
[SourceTitle "CBM 064"]
[Source "ChessBase"]
[SourceDate "1998.06.02"]
[SourceVersion "1"]
[SourceVersionDate "1998.06.02"]
[SourceQuality "1"]

1. Nf3 Nf6 2. c4 g6 3. Nc3 Bg7 4. e4 d6 5. d4 O-O 6. Be2 e5 7. O-O Nc6 8. d5
Ne7 9. b4 Nh5 10. Re1 f5 11. Ng5 Nf6 12. Bf3 c6 13. Be3 cxd5 (13... h6 14. Ne6
Bxe6 15. dxe6 g5 16. exf5 Nxf5 17. Qd3 Nxe3 18. Rxe3 Qe7 19. Rd1 Rad8 20. Ne4
$16 {1-0Kramnik,V-Nijboer,F /Hoogovens 1998(29)}) (13... f4 14. Bc1 h6 15. Ne6
Bxe6 16. dxe6 Nc8 17. b5 Qe8 18. bxc6 bxc6 19. c5 $1 Qxe6 20. Ba3 dxc5 21. Na4
$44 {/+/- Kramnik,V-Gelfand,B Belgrad1997}) 14. cxd5 h6 15. Ne6 Bxe6 16. dxe6
fxe4 17. Nxe4 Nxe4 18. Bxe4 d5 19. Bc2 (19. Bc5 dxe4 20. Qxd8 Rfxd8 21. Bxe7
Re8 22. Bc5 $5 b6 23. Be3 Rxe6 24. a4 $44) 19... b6 $1 {Kramnik} (19... e4 20.
Rc1 {[%cal Re4e3,Re3c5,Re3e4,Rc2b3]} d4 21. Bd2 e3 (21... d3 22. Bb3 Bd4 23.
Be3 Bxe3 24. Rxe3 Qd4 25. Qd2 Rac8 26. Rce1 Rf4 27. g3 $18) 22. fxe3 d3 23. Bb3
Qd6 24. Qg4 Be5 25. Rf1 $1 $16 {1-0 Kramnik,V-Polgar,J/Linares14th 1997 (37)})
(19... d4 20. Bd2 d3 21. Bb3 Qb6 22. Be3 Qxb4 23. Rc1 Rfd8 24. Bc5 Qh4 25. Re3
e4 26. Rc4 $16) 20. Qg4 (20. Ba4 $5 Qd6 21. Bd7 (21. Qd2 Kh7 (21... Qxe6 22.
Bxh6 Bxh6 23. Qxh6 Nf5 24. Qf4 $14) 22. Bd7 Nf5 $11) 21... Qxb4 22. Rc1 $44)
20... Rf6 21. Bb3 (21. Ba4 h5 22. Qh3 Qd6 23. Bd7 Qxb4 24. Bg5 Rf5 25. Rab1 Qd6
26. Qh4 $44) 21... Qd6 22. Rad1 Rd8 23. b5 {[%cal Ge3c1,Gc1a3]} (23. Rxd5 Nxd5
24. Rd1 Qxe6 25. Bxd5 (25. Qxe6+ Rxe6 26. Rxd5 (26. Bxd5 $4 Kh7 $19) 26... Rxd5
27. Bxd5 Kf7 28. Kf1 Ke7 29. Bxe6 Kxe6 $17 {[%cal Ye6c4]}) 25... Qxd5 26. Rxd5
Rxd5 27. Qc4 Rfd6 28. h4 Kh7 $11) 23... Qxe6 24. Qxe6+ (24. Qa4 Rd7 25. f4 exf4
$1 (25... e4 26. Bc1 $1 $16 {[%cal Ge1e4,Gb3e6,Gd1d7] 1-0 Gligoric,S-Nataf,I
Cannes 98(47)}) 26. Bd4 Qd6 27. Bxf6 Bxf6 $44) 24... Rxe6 25. Bc1 {[%cal Gc1a3]
} Kf7 26. Ba3 $14 e4 27. g3 (27. Re2 {[%cal Ge2d2]}) 27... Rd7 28. Bxe7 Kxe7
29. Rxd5 Rxd5 (29... Rc7 30. Rd2 Re5 31. Rde2 $16) 30. Bxd5 Bc3 31. Re2 Re5 32.
Bxe4 $16 g5 33. a4 Kd6 {[%cal Yd6b4]} (33... Kf6 $5) 34. Kg2 Kc5 35. f4 gxf4
36. gxf4 Re6 37. Kf3 Rd6 (37... Kb4 $5) 38. Kg4 (38. Bf5 $1 {Dolmatov} Rd2 $140
39. Re7 Rxh2 40. Rxa7 $16) 38... Rd2 $11 39. Rg2 Kd4 40. Bc6 Rxg2+ 41. Bxg2 Bd2
42. Bf3 Bc1 43. Bd1 Bd2 44. Bc2 Bc1 45. f5 Ke5 46. Kh5 Kf6 1/2-1/2

[Event "Linares 15th"]
[Site "Linares"]
[Date "1998.02.26"]
[Round "5"]
[White "Svidler, Peter"]
[Black "Kramnik, Vladimir"]
[Result "1/2-1/2"]
[WhiteElo "2690"]
[BlackElo "2790"]
[Annotator "Rogozenco,D"]
[PlyCount "60"]
[EventDate "1998.02.22"]
[EventType "tourn"]
[EventRounds "12"]
[EventCountry "ESP"]
[EventCategory "21"]
[SourceTitle "CBM 064"]
[Source "ChessBase"]
[SourceDate "1998.06.02"]
[SourceVersion "1"]
[SourceVersionDate "1998.06.02"]
[SourceQuality "1"]

1. e4 {Manor,I} c5 2. Nf3 Nc6 3. d4 cxd4 4. Nxd4 Nf6 5. Nc3 e5 6. Ndb5 d6 7.
Bg5 a6 8. Na3 b5 9. Bxf6 gxf6 10. Nd5 f5 11. c3 Bg7 12. exf5 Bxf5 13. Nc2 O-O
14. Nce3 Be6 15. Bd3 f5 16. O-O (16. Qh5 {Manor,I} Ne7 (16... e4) (16... Qd7))
(16. Bc2 {Manor,I} f4 17. Qh5 Rf7) 16... Ra7 $6 {In my opinion Black has two
plans in this sharp position. One is to concentrate his pieces and play on the
kingside and the other one (less popular nowdays), is to push the pawns on the
queenside, starting with 16. ... Rb8!?. With the move 16. ... Ra7 Black shows
his intention for the first plan, but in that case a vital question is who
will bring first his queen on the kingside. 16. ... Ra7 allows White to play
17.Qh5. Later in his game against Anand from the same tournament Kramnik found
a way to place his Queen on g5 first.} (16... e4 17. Nf4 Bf7 18. Bc2 Be5 19.
Nfd5 Qg5 $13 {Anand-Kramnik, Linares, 1998}) 17. Qh5 (17. a4 {Manor,I} f4 (
17... e4 18. Nf4 Bf7 19. axb5 axb5 20. Bxb5 Rxa1 21. Qxa1 Ne7 $16) 18. Qh5 h6 (
18... Bh8 19. Bxh7+ Rxh7 20. Qg6+ $18) (18... Bf6 19. Bf5 $16) 19. Qg6 Re8 20.
Nf6+ $18) 17... Raf7 (17... e4 18. Bc2 Qe8 19. Qxe8 Rxe8 20. f3 exf3 21. Rxf3
$14 {Ivanchuk-Kramnik, London PCA rapid, 1994}) 18. g4 e4 19. Bc2 (19. Nf4 Bd7
20. Bc2 fxg4 21. Bxe4 Be5) 19... fxg4 (19... Ne5 {Manor,I} 20. Nf4 $16) (19...
Ne7 {Manor,I} 20. Nf4 Qd7 21. gxf5 Nxf5 22. Nxe6 Qxe6 23. Bb3 $18) (19... Bxd5
{Manor,I} 20. Nxd5 Ne5 21. Nf4 $14 Qd7) 20. Bxe4 Be5 21. Qh6 $2 (21. h3 $142 $5
gxh3 22. f4 Qe8 $5 23. Kh1 $16) 21... Kh8 22. Kh1 (22. Qxe6 Qh4 23. Nxg4 (23.
f4 {Manor,I} gxf3 24. Ng4 Rg7 $19) 23... Rg7 $40) 22... Bxd5 23. Nxd5 (23. Bxd5
Bf4 $1 24. Qh5 (24. Qe6 Qh4 $19) 24... Rf6 25. Nxg4 Rf5 $19) 23... Ne7 24. Qh4
$8 (24. Nxe7 Qxe7 $17) 24... Nxd5 (24... Qd7 $5 $13) 25. Qxd8 Rxd8 26. Bxd5 Rf5
(26... Rf6 {Manor,I} 27. Kg2 Rdf8 28. f3 gxf3+ 29. Rxf3 Rxf3 30. Bxf3 Bxh2 31.
Bb7 $11) 27. Rad1 Rdf8 (27... Rh5 28. f4 gxf3 29. Rf2 (29. Rd2 Bxh2 $15) 29...
Rf8 30. Rd3 Rxh2+ 31. Rxh2 Bxh2 32. Kxh2 f2 33. Bg2 f1=Q 34. Bxf1 Rxf1 35. Rxd6
Rf2+ 36. Kg3 Rxb2 37. Rxa6 $11) 28. Kg2 Rh5 29. Rh1 Rf6 30. Rd3 Rhf5 1/2-1/2